Statistics for UEFA Champions League winners by country

Click here to take the quiz!

General Stats

  • This quiz has been taken 56 times
  • The average score is 9 of 10

Answer Stats

HintAnswer% Correct
14england
100%
9germany
100%
12italy
100%
18spain
100%
4portugal
96%
1france
94%
6netherlands
91%
1scotland
80%
1romania
76%
1yugoslavia
61%

Score Distribution

Percentile by Number Answered

Percent of People with Each Score

Your Score History

You have not taken this quiz